000 00260nam a2200097Ia 4500
008 120527s9999 xx 000 0 und d
100 _aMARGOLIES,P.
245 _aAlways remember:A selection of panels created by and for??
260 _bFireside S&S
942 _cBK
999 _c24078
_d24078